[Event "TCh-ISR 2018"]
[Site "Israel ISR"]
[Date "2018.02.09"]
[Round "5.1"]
[Board "5"]
[White "Mikhalevski, Victor"]
[Black "Liss, Eran"]
[Result "1/2-1/2"]
[WhiteTitle "GM"]
[BlackTitle "GM"]
[WhiteElo "2538"]
[BlackElo "2437"]
[WhiteTeam "Beer-Sheva"]
[BlackTeam "Rishon Letzion Feldklein"]
[WhiteFideId "2801914"]
[BlackFideId "2800721"]
[EventDate "2018.01.05"]

1. Nf3 Nf6 2. c4 c5 3. Nc3 Nc6 4. e3 e5 5. d4 cxd4 6. exd4 e4 7. Ne5 Bd6 8. Bf4
Bb8 9. g4 h6 10. h4 Qe7 11. Rg1 Nxe5 12. dxe5 Bxe5 13. Bxe5 Qxe5 14. g5 hxg5 15.
hxg5 Nh5 16. Qd5 d6 17. O-O-O Bf5 18. Qxd6 Qxd6 19. Rxd6 Nf4 20. Nxe4 Rh2 21.
Rd4 Kf8 22. Nd6 Ne6 23. Rd2 Bg6 24. Nxb7 Rb8 25. Nd6 Nc5 26. b3 Ke7 27. Rg3 Rh1
28. Re3+ Kf8 29. Rd1 Rd8 30. b4 Rxd6 31. Rxd6 Rxf1+ 32. Rd1 Nd3+ 33. Kd2 Rxd1+
34. Kxd1 Nxb4 35. Ra3 Nd3 36. Ke2 Ne5 37. c5 Nc6 38. Re3 Bf5 39. a3 Be6 40. f4
g6 41. Kd2 Ke7 42. Rd3 Bd7 43. Rd6 Kd8 44. Rf6 Ke7 45. Rd6 Kd8 46. Rf6 Ke7 1/2-1/2

[Event "TCh-ISR 2018"]
[Site "Israel ISR"]
[Date "2018.02.09"]
[Round "5.1"]
[Board "6"]
[White "Kaspi, Alexander"]
[Black "Greenfeld, Alon"]
[Result "1-0"]
[WhiteTitle "IM"]
[BlackTitle "GM"]
[WhiteElo "2460"]
[BlackElo "2521"]
[WhiteTeam "Rishon Letzion Feldklein"]
[BlackTeam "Beer-Sheva"]
[WhiteFideId "2802910"]
[BlackFideId "2800039"]
[EventDate "2018.01.05"]

1. d4 Nf6 2. c4 b6 3. Nc3 Bb7 4. Bg5 e6 5. a3 h6 6. Bh4 Be7 7. Nf3 O-O 8. e3 d5
9. cxd5 exd5 10. Bxf6 Bxf6 11. Bd3 c5 12. O-O Na6 13. Rc1 Nc7 14. Bb1 Ne6 15.
dxc5 Nxc5 16. Nd4 Ne4 17. Qd3 g6 18. Rfd1 Qe7 19. Ncb5 Nc5 20. Qf1 Rfc8 21. b4
Ne4 22. Rxc8+ Bxc8 23. Nc6 Qb7 24. Rxd5 Bf5 25. Qc4 Re8 26. f3 a6 27. fxe4 axb5
28. Qxb5 Be6 29. Rd6 Rc8 30. e5 Bg5 31. Kf2 Be7 32. Nxe7+ Qxe7 33. g3 Rc1 34.
Be4 Bc4 35. Qxb6 Qxe5 36. Qd4 Qxd4 37. Rxd4 Be6 38. a4 Ra1 39. a5 Ra2+ 40. Kf3
Bh3 41. Kf4 Kf8 42. g4 g5+ 43. Kg3 Bf1 44. Bd3 Bg2 45. Bc4 Rb2 46. b5 1-0

[Event "TCh-ISR 2018"]
[Site "Israel ISR"]
[Date "2018.02.09"]
[Round "5.2"]
[Board "1"]
[White "Zoler, Dan"]
[Black "Sivuk, Vitaly"]
[Result "1-0"]
[WhiteTitle "GM"]
[BlackTitle "GM"]
[WhiteElo "2506"]
[BlackElo "2550"]
[WhiteTeam "Herzliya Chess Club"]
[BlackTeam "Hapoel Petah Tikva"]
[WhiteFideId "2800705"]
[BlackFideId "14116502"]
[EventDate "2018.01.05"]

1. d4 d6 2. Nf3 g6 3. g3 Nf6 4. Bg2 Bg7 5. O-O O-O 6. c4 Nc6 7. Nc3 e5 8. d5 Nb8
9. Ne1 a5 10. Nd3 Na6 11. e4 Nd7 12. Be3 Ndc5 13. Nxc5 Nxc5 14. Qd2 f5 15. Rae1
Bd7 16. f4 Nxe4 17. Nxe4 fxe4 18. Bxe4 exf4 19. Bxf4 Qf6 20. b3 a4 21. b4 Rae8
22. h4 Qc3 23. Bg2 Qxc4 24. Rc1 Qd4+ 25. Rf2 Qb6 26. Kh2 Re7 27. Re2 Rfe8 28.
Rxe7 Rxe7 29. Re1 Rf7 30. Re4 Qa6 31. Qe3 a3 32. Re7 Qa4 33. Rxf7 Kxf7 34. Qc1
c5 35. Bxd6 Qxb4 36. Bxc5 Qb2 37. Qf4+ Bf6 38. Qd6 1-0

[Event "TCh-ISR 2018"]
[Site "Israel ISR"]
[Date "2018.02.09"]
[Round "5.2"]
[Board "2"]
[White "Rechlis, Gad"]
[Black "Zifroni, Dov"]
[Result "0-1"]
[WhiteTitle "GM"]
[BlackTitle "GM"]
[WhiteElo "2525"]
[BlackElo "2440"]
[WhiteTeam "Hapoel Petah Tikva"]
[BlackTeam "Herzliya Chess Club"]
[WhiteFideId "2800047"]
[BlackFideId "2800659"]
[EventDate "2018.01.05"]

1. e4 e5 2. Nf3 Nf6 3. Nxe5 d6 4. Nf3 Nxe4 5. Nc3 Nxc3 6. dxc3 Be7 7. Be3 O-O 8.
Qd3 Nd7 9. O-O-O c6 10. h4 Qa5 11. Bg5 f6 12. Qe4 Rf7 13. Bc4 d5 14. Rxd5 cxd5
15. Bxd5 Nc5 16. Qc4 Be6 17. Bxe6 Nxe6 18. Qxe6 fxg5 19. Ne5 Rf8 20. hxg5 Bxg5+
21. Kb1 Qb6 22. Qd5 h6 23. f3 Qd8 24. Qb3 Qe7 25. Re1 Bf6 26. Nd3 Qd7 27. a4 Re8
28. Rd1 Re2 29. g4 Qe6 30. c4 Re3 31. Rf1 Rc7 0-1

[Event "TCh-ISR 2018"]
[Site "Israel ISR"]
[Date "2018.02.09"]
[Round "5.2"]
[Board "3"]
[White "Bakalchuk, Johnatan"]
[Black "Steinberg, Nitzan"]
[Result "0-1"]
[WhiteTitle "FM"]
[BlackTitle "GM"]
[WhiteElo "2400"]
[BlackElo "2512"]
[WhiteTeam "Herzliya Chess Club"]
[BlackTeam "Hapoel Petah Tikva"]
[WhiteFideId "2810301"]
[BlackFideId "2801795"]
[EventDate "2018.01.05"]

1. e4 c5 2. Nf3 d6 3. d4 cxd4 4. Nxd4 Nf6 5. Nc3 a6 6. Be2 e6 7. O-O Be7 8. f4
Qc7 9. Kh1 O-O 10. a4 Nc6 11. Be3 Bd7 12. Nb3 Nb4 13. a5 Rac8 14. Bf3 Rfe8 15.
Bb6 Qb8 16. Qe2 e5 17. fxe5 dxe5 18. Qf2 Be6 19. Rfd1 Nd7 20. Ba7 Qc7 21. Ra4
Qc6 22. Be3 Nxc2 23. Nd2 Nc5 24. Bxc5 Bxc5 25. Qg3 Bd4 0-1

[Event "TCh-ISR 2018"]
[Site "Israel ISR"]
[Date "2018.02.09"]
[Round "5.2"]
[Board "4"]
[White "Manor, Ilan"]
[Black "Caspi, Israel"]
[Result "1-0"]
[WhiteTitle "GM"]
[BlackTitle "IM"]
[WhiteElo "2453"]
[BlackElo "2461"]
[WhiteTeam "Hapoel Petah Tikva"]
[BlackTeam "Herzliya Chess Club"]
[WhiteFideId "2800110"]
[BlackFideId "2807394"]
[EventDate "2018.01.05"]

1. d4 f5 2. e4 fxe4 3. Nc3 Nf6 4. Bg5 Nc6 5. Bb5 a6 6. Ba4 b5 7. Bb3 Bb7 8. Nh3
Na5 9. Nf4 Nxb3 10. axb3 g6 11. h4 Bg7 12. h5 Kf7 13. Qe2 Rg8 14. O-O-O Qe8 15.
hxg6+ hxg6 16. Bxf6 exf6 17. Nxg6 b4 18. Na4 d6 19. Qh5 Bc8 20. Rde1 f5 21. g4
Bxd4 22. gxf5 Bb7 23. f3 Bf6 24. fxe4 Rg7 25. e5 1-0

[Event "TCh-ISR 2018"]
[Site "Israel ISR"]
[Date "2018.02.09"]
[Round "5.2"]
[Board "5"]
[White "Gindi, Shachar"]
[Black "Bitensky, Igor"]
[Result "1/2-1/2"]
[WhiteTitle "FM"]
[BlackTitle "IM"]
[WhiteElo "2397"]
[BlackElo "2355"]
[WhiteTeam "Herzliya Chess Club"]
[BlackTeam "Hapoel Petah Tikva"]
[WhiteFideId "2804182"]
[BlackFideId "2804085"]
[EventDate "2018.01.05"]

1. e4 e5 2. Bc4 Nf6 3. d3 Nc6 4. Nf3 Be7 5. O-O O-O 6. Re1 d6 7. a4 Kh8 8. h3
Be6 9. a5 a6 10. Nbd2 Qd7 11. Nf1 Nd4 12. c3 Nxf3+ 13. Qxf3 Rad8 14. Ne3 c6 15.
Nf5 d5 1/2-1/2

[Event "TCh-ISR 2018"]
[Site "Israel ISR"]
[Date "2018.02.09"]
[Round "5.2"]
[Board "6"]
[White "Drori, Saar"]
[Black "Haimovich, Tal"]
[Result "1-0"]
[WhiteTitle "FM"]
[BlackTitle "IM"]
[WhiteElo "2380"]
[BlackElo "2401"]
[WhiteTeam "Hapoel Petah Tikva"]
[BlackTeam "Herzliya Chess Club"]
[WhiteFideId "2812444"]
[BlackFideId "2801698"]
[EventDate "2018.01.05"]

1. e4 e5 2. Nf3 Nc6 3. Bc4 Bc5 4. c3 Bb6 5. O-O Nf6 6. d3 O-O 7. Re1 d6 8. a4 a6
9. h3 Ne7 10. a5 Ba7 11. Bb3 Ng6 12. d4 Bd7 13. Nbd2 Bc6 14. Qc2 Qe7 15. dxe5
dxe5 16. Nf1 Rad8 17. Ng3 Rd7 18. Nf5 Qd8 19. Bg5 h6 20. N5h4 Kh7 21. Nxg6 fxg6
22. Bh4 Qe8 23. Rad1 Rxd1 24. Qxd1 Bxe4 25. Bc2 Bxf3 26. Qxf3 e4 27. Bxe4 Nxe4
28. Rxe4 Qc8 29. Qe2 Bc5 30. b4 Bd6 31. Be7 Rf5 32. Bxd6 cxd6 33. Qe3 Qc6 34.
Re8 Rg5 35. f3 Qd5 36. Qe6 Re5 37. Qxd5 Rxd5 38. Re7 Rb5 39. Rd7 d5 40. Kf2 b6
41. Rb7 d4 42. Rxb6 Rd5 43. c4 Rd7 44. Ke2 d3+ 45. Kd2 Rd4 46. c5 g5 47. c6 h5
48. c7 Rc4 49. Kxd3 Rxc7 50. Rxa6 Rd7+ 51. Ke3 Rc7 52. Kf2 Rc2+ 53. Kg3 g6 54.
Rb6 Kh6 55. a6 Ra2 56. b5 h4+ 57. Kh2 g4 58. hxg4 Kg5 59. Rd6 Ra1 60. b6 Rxa6
61. b7 Rxd6 62. b8=Q Rd5 63. Qf8 Rd2 64. Qe7+ Kf4 65. Qe4+ 1-0

[Event "TCh-ISR 2018"]
[Site "Israel ISR"]
[Date "2018.02.09"]
[Round "5.3"]
[Board "1"]
[White "Flom, Gabriel"]
[Black "Reshef, Omer"]
[Result "1-0"]
[WhiteTitle "IM"]
[BlackTitle "IM"]
[WhiteElo "2493"]
[BlackElo "2467"]
[WhiteTeam "Jerusalem Tenth"]
[BlackTeam "HaOmerim Kiryat Ono"]
[WhiteFideId "621650"]
[BlackFideId "2804336"]
[EventDate "2018.01.05"]

1. b3 e5 2. Bb2 Nc6 3. c4 g6 4. e3 Bg7 5. d3 Nge7 6. a3 a5 7. Nd2 O-O 8. Ngf3 d6
9. Qc2 h6 10. Be2 f5 11. h4 Be6 12. Rc1 f4 13. exf4 Rxf4 14. g3 Rf7 15. O-O Qd7
16. Ne4 Raf8 17. Qd1 Bg4 18. Nh2 Be6 19. Nf3 Bh3 20. Re1 Bg4 21. Nh2 Be6 22. Nf3
b6 23. Bc3 Bh3 24. Nh2 Be6 25. Nf3 d5 26. cxd5 Nxd5 27. Bb2 Nd4 28. Bxd4 exd4
29. Nh2 Nc3 30. Nxc3 dxc3 31. d4 Qxd4 32. Nf3 Qc5 33. b4 axb4 34. axb4 Qxb4 35.
h5 g5 36. Qd3 Qc5 37. Bd1 Bf5 38. Qe2 Qa3 39. Rc2 Bg4 40. Qc4 b5 41. Qxg4 b4 42.
Qc4 b3 43. Rxc3 Bxc3 44. Qxc3 Rb8 45. Qc6 Qd6 46. Re8+ Rxe8 47. Qxe8+ Qf8 48.
Qe4 Qb8 49. Qg6+ Rg7 50. Qe6+ Kh7 51. Bxb3 Qd8 52. Bc2+ Kh8 53. Qxh6+ Kg8 54.
Bb3+ Kf8 55. Qh8+ 1-0

[Event "TCh-ISR 2018"]
[Site "Israel ISR"]
[Date "2018.02.09"]
[Round "5.3"]
[Board "2"]
[White "Sivan, Yaacov"]
[Black "Oleksiyenko, Mykhaylo"]
[Result "1/2-1/2"]
[WhiteTitle "IM"]
[BlackTitle "GM"]
[WhiteElo "2339"]
[BlackElo "2609"]
[WhiteTeam "HaOmerim Kiryat Ono"]
[BlackTeam "Jerusalem Tenth"]
[WhiteFideId "2800730"]
[BlackFideId "4152417"]
[EventDate "2018.01.05"]

1. e4 c5 2. Nf3 e6 3. d4 cxd4 4. Nxd4 a6 5. Bd3 d5 6. exd5 Qxd5 7. O-O Nd7 8.
Be3 Ngf6 9. c4 Qe5 10. Nc3 Be7 11. Re1 O-O 12. h3 Qc7 13. Rc1 b6 14. Bg5 Bc5 15.
Nb3 Bd6 16. Ne4 Bh2+ 17. Kh1 Bf4 18. Nxf6+ Nxf6 19. Bxf6 gxf6 20. Be4 Rb8 21.
Rc3 f5 22. Bf3 Be5 23. Rc2 Bg7 24. Nc1 Rd8 25. Qe2 Qd6 26. Qf1 Bd7 27. Rd1 Qe7
28. b3 Be8 29. Rcd2 Rxd2 30. Rxd2 b5 31. Rc2 Rc8 32. Qd3 Rd8 33. Qe2 Bd4 34. Rd2
Bb6 35. Rxd8 Qxd8 36. Nd3 Qd4 37. Qc2 e5 38. c5 Bc7 39. Bb7 e4 40. Ne1 Ba5 41.
c6 Qe5 42. Kg1 Kg7 43. Qc1 f4 44. Nc2 Bb6 45. Qa1 Kf6 46. Qxe5+ Kxe5 47. Nb4 Kd6
48. c7 Bxc7 49. Bxe4 a5 50. Nd3 h6 51. Kf1 Ke6 52. Ke2 Bd6 53. Bb7 f6 54. Kf3
Bh5+ 55. Ke4 Bg6+ 56. Kd4 Bc7 57. Nc5+ Ke7 58. Be4 Bf7 59. Nd3 Bb6+ 60. Kc3 Kd6
61. a3 Be8 62. Kc2 Bd4 63. Kd2 a4 64. bxa4 bxa4 65. f3 Bd7 66. Kc2 f5 67. Bb7
Be6 68. Nxf4 Bb3+ 69. Kb1 Bc4 70. h4 Be3 71. g3 Ke5 72. Ng6+ Kf6 73. h5 Bc5 74.
Bc6 Bb3 75. Kb2 Kg5 76. Nf4 Bd4+ 77. Kb1 Be3 78. Nd5 Bf2 79. g4 fxg4 80. fxg4
Bd4 81. Nb4 Kxg4 82. Be8 Kg5 83. Nc2 Bc3 84. Kc1 Kf4 85. Nb4 Kg5 86. Nd3 Bd4 87.
Nb2 Bd5 88. Nxa4 Bf3 89. Kd2 Bxh5 90. Bxh5 Kxh5 91. Ke2 Kg4 92. Kf1 Kg3 93. Nc3
Bxc3 1/2-1/2

[Event "TCh-ISR 2018"]
[Site "Israel ISR"]
[Date "2018.02.09"]
[Round "5.3"]
[Board "3"]
[White "Zisman, Philip"]
[Black "Tifferet, Shaked"]
[Result "1-0"]
[WhiteTitle "FM"]
[BlackTitle "FM"]
[WhiteElo "2305"]
[BlackElo "2294"]
[WhiteTeam "Jerusalem Tenth"]
[BlackTeam "HaOmerim Kiryat Ono"]
[WhiteFideId "2805197"]
[BlackFideId "2811529"]
[EventDate "2018.01.05"]

1. d4 Nf6 2. Bg5 c6 3. Bxf6 gxf6 4. c4 d6 5. Nc3 c5 6. dxc5 dxc5 7. Qxd8+ Kxd8
8. O-O-O+ Bd7 9. g3 e6 10. Bg2 Kc7 11. Nh3 a6 12. Rd2 Bc6 13. Bxc6 Nxc6 14. Rhd1
Rd8 15. Rxd8 Nxd8 16. Nf4 f5 17. Nd3 Nc6 18. e4 fxe4 19. Nxe4 b6 20. f4 Nd4 21.
Ne5 f5 22. Ng5 h6 23. Rxd4 cxd4 24. Nxe6+ Kd6 25. Nxd4 Rg8 26. Nxf5+ Ke6 27.
Nd4+ Kf6 28. Nd7+ Kf7 29. Nxb6 Bc5 30. Nf5 Kg6 31. Nh4+ Kf7 32. Nd5 Bg1 33. Nf5
Rg6 34. h3 h5 35. g4 hxg4 36. hxg4 Re6 37. Kd2 Bh2 38. g5 Kg6 39. Nh4+ Kh5 40.
Nf3 Bg3 41. Nf6+ Kg6 42. f5+ Kxf5 43. Nd4+ Kxg5 44. Nh7+ Kh6 45. Nxe6 Kxh7 46.
c5 1-0

[Event "TCh-ISR 2018"]
[Site "Israel ISR"]
[Date "2018.02.09"]
[Round "5.3"]
[Board "4"]
[White "Tratatovici, Dan"]
[Black "Cohen Revivo, Shoham"]
[Result "1/2-1/2"]
[WhiteElo "2208"]
[BlackElo "2180"]
[WhiteTeam "HaOmerim Kiryat Ono"]
[BlackTeam "Jerusalem Tenth"]
[WhiteFideId "2806428"]
[BlackFideId "2813327"]
[EventDate "2018.01.05"]

1. d4 e6 2. c4 b6 3. e4 Bb7 4. Bd3 f5 5. Nc3 Bb4 6. Qh5+ g6 7. Qe2 Nf6 8. d5
fxe4 9. Bxe4 Nxe4 10. Qxe4 Bxc3+ 11. bxc3 Qf6 12. Ne2 O-O 13. Be3 Na6 14. O-O
Nc5 15. Bxc5 bxc5 16. Rab1 Ba6 17. Rb2 exd5 18. Qxd5+ Qf7 19. Qxc5 d6 20. Qd4
Bxc4 21. f3 Rae8 22. Rf2 Qe6 23. h3 c5 24. Qh4 d5 25. Ng3 Qf6 26. Qh6 Re1+ 27.
Kh2 Qf4 28. Qxf4 Rxf4 29. Rb8+ Kg7 30. Rc8 Rc1 31. Rxc5 Rf7 32. Rd2 Rxc3 33.
Rdxd5 Bxd5 34. Rxc3 Bxa2 35. Ne4 Bd5 36. Nd6 Rd7 37. Nb5 Rb7 38. Nd6 Rd7 39. Nb5
Rb7 40. Rc5 Bf7 41. Nd6 Rd7 42. Ne4 1/2-1/2

[Event "TCh-ISR 2018"]
[Site "Israel ISR"]
[Date "2018.02.09"]
[Round "5.3"]
[Board "6"]
[White "Aharonovich, Itamar"]
[Black "Hochman, Elnatan"]
[Result "0-1"]
[WhiteTitle "FM"]
[WhiteElo "2276"]
[BlackElo "2075"]
[WhiteTeam "HaOmerim Kiryat Ono"]
[BlackTeam "Jerusalem Tenth"]
[WhiteFideId "2814501"]
[BlackFideId "2813130"]
[EventDate "2018.01.05"]

1. d4 Nf6 2. c4 g6 3. Nc3 Bg7 4. e4 d6 5. Nf3 O-O 6. Be2 e5 7. O-O Nc6 8. d5 Ne7
9. b4 Ne8 10. a4 f5 11. Nd2 Rf7 12. c5 Bf8 13. Nc4 f4 14. Ba3 g5 15. Bg4 Bxg4
16. Qxg4 Ng6 17. Nd2 Ng7 18. Qe2 h5 19. f3 Ne8 20. Rac1 Nf6 21. Rc2 g4 22. Kh1
Rg7 23. Rfc1 Nh4 24. cxd6 cxd6 25. Nb5 Ne8 26. Qf2 g3 27. Qe1 gxh2 28. Nf1 a6
29. Nc3 Rc8 30. Nxh2 Qg5 31. Qf2 Rcc7 32. Nd1 Rcd7 33. Nb2 Be7 34. Nd3 Bd8 35.
Ne1 Nf6 36. Rc8 Ng6 37. R1c2 Ne7 38. R8c3 h4 39. Bc1 Qg3 40. a5 Qg5 41. Nd3 Nh5
42. Ng4 Ng3+ 43. Kh2 Nxe4 44. fxe4 Qxg4 45. Nb2 Kf7 46. Nc4 Ng8 47. Re2 Qg3+ 48.
Rxg3 hxg3+ 0-1

[Event "TCh-ISR 2018"]
[Site "Israel ISR"]
[Date "2018.02.09"]
[Round "5.4"]
[Board "1"]
[White "Abergel, Thal"]
[Black "Zilberman, Yaacov"]
[Result "1/2-1/2"]
[WhiteTitle "GM"]
[BlackTitle "GM"]
[WhiteElo "2459"]
[BlackElo "2367"]
[WhiteTeam "Haifa Chess Club-Nesher"]
[BlackTeam "HaPoel Kfar Saba Bet"]
[WhiteFideId "614890"]
[BlackFideId "2801612"]
[EventDate "2018.01.05"]

1. e4 Nf6 2. e5 Nd5 3. d4 d6 4. c4 Nb6 5. exd6 exd6 6. Nc3 Be7 7. Be3 O-O 8. Rc1
Re8 9. Nf3 Bf6 10. b3 Nc6 11. Be2 h6 12. O-O Bf5 13. d5 Ne5 14. Nd4 Bh7 15. Re1
Ned7 16. Bd3 Bxd3 17. Qxd3 a6 18. Nf5 Ne5 19. Qd1 Nbd7 20. Ne4 Ng6 21. Bd4 Be5
22. Qf3 Nh4 23. Nxh4 Qxh4 24. Bxe5 Rxe5 25. Re2 Rae8 26. Rce1 Kf8 27. h3 R5e7
28. Ng3 Rxe2 29. Rxe2 Rxe2 30. Nxe2 Qf6 31. Qxf6 Nxf6 32. Nd4 g6 33. f3 Ke7 34.
Kf2 Kd7 35. g4 c5 36. dxc6+ bxc6 37. Ke3 c5 38. Nc2 d5 39. Kd3 Kd6 40. Ne3 d4
41. Ng2 g5 42. Ne1 Nd7 43. f4 gxf4 44. Ke4 Ne5 45. Kxf4 Ke6 46. Ke4 a5 47. a4 f6
48. Ng2 1/2-1/2

[Event "TCh-ISR 2018"]
[Site "Israel ISR"]
[Date "2018.02.09"]
[Round "5.4"]
[Board "2"]
[White "Erenberg, Ariel"]
[Black "Iakymov, Volodymyr"]
[Result "1/2-1/2"]
[WhiteTitle "IM"]
[BlackTitle "IM"]
[WhiteElo "2382"]
[BlackElo "2442"]
[WhiteTeam "HaPoel Kfar Saba Bet"]
[BlackTeam "Haifa Chess Club-Nesher"]
[WhiteFideId "2811634"]
[BlackFideId "14110164"]
[EventDate "2018.01.05"]

1. d4 Nf6 2. c4 d5 3. cxd5 Nxd5 4. Nf3 g6 5. e4 Nb6 6. Nc3 Bg7 7. Be3 O-O 8. Be2
Bg4 9. Rc1 Nc6 10. d5 Bxf3 11. gxf3 Ne5 12. b3 c6 13. f4 Ned7 14. dxc6 bxc6 15.
e5 e6 16. h4 Nd5 17. Nxd5 cxd5 18. h5 Qe7 19. Rc6 Qb4+ 20. Kf1 Rfc8 21. Rxc8+
Rxc8 22. Rg1 Bh6 23. Rg4 f5 24. Rh4 Kg7 25. hxg6 hxg6 26. Qd4 Qxd4 27. Bxd4 Rc1+
28. Kg2 Rc2 29. Bb5 Nc5 30. Bxc5 Rxc5 31. Bd7 d4 32. Bxe6 d3 33. Kf3 d2 34. Ke2
Bxf4 35. Rxf4 Rxe5+ 36. Kxd2 Rxe6 1/2-1/2

[Event "TCh-ISR 2018"]
[Site "Israel ISR"]
[Date "2018.02.09"]
[Round "5.4"]
[Board "3"]
[White "Kaplivatski, Alexander"]
[Black "Shachar, Ehud"]
[Result "0-1"]
[WhiteTitle "FM"]
[BlackTitle "IM"]
[WhiteElo "2217"]
[BlackElo "2401"]
[WhiteTeam "Haifa Chess Club-Nesher"]
[BlackTeam "HaPoel Kfar Saba Bet"]
[WhiteFideId "2801094"]
[BlackFideId "2802198"]
[EventDate "2018.01.05"]

1. e4 e6 2. d4 d5 3. Nd2 Nc6 4. Ngf3 Nf6 5. e5 Nd7 6. Bb5 a6 7. Bxc6 bxc6 8. c4
dxc4 9. Nxc4 Nb6 10. Qc2 Nxc4 11. Qxc4 Qd5 12. Qc2 c5 13. Be3 cxd4 14. Bxd4 Bb4+
15. Kf1 Bb7 16. a3 Be7 17. h4 Rd8 18. Bc3 O-O 19. Rh3 Qd3+ 20. Qxd3 Rxd3 21. Rc1
c5 22. Ba5 Bc6 23. Ke1 Rb8 24. Bc3 Bxf3 25. gxf3 h5 26. Ke2 Rbd8 27. Rc2 R8d5
28. Bd2 g6 29. Be3 Rb3 30. f4 Rd7 31. Rh1 Rdb7 32. Bc1 Rd7 33. Be3 Kg7 34. Rd1
Rdb7 35. Rdd2 R7b5 36. Kf1 a5 37. Kg2 c4 38. Bd4 Rd3 39. Rxd3 cxd3 40. Rd2 Rd5
41. Be3 Bxh4 42. b4 a4 43. Kf3 Be7 44. Ke4 f5+ 45. exf6+ Bxf6 46. Rxd3 h4 47.
Rxd5 exd5+ 48. Kf3 d4 49. Bd2 Kf7 50. Ke4 Ke6 51. Bc1 h3 52. Kf3 Kd5 53. Kg3 d3 0-1

[Event "TCh-ISR 2018"]
[Site "Israel ISR"]
[Date "2018.02.09"]
[Round "5.4"]
[Board "4"]
[White "Aharon, Ofir"]
[Black "Gurbanov, Andrei"]
[Result "0-1"]
[WhiteTitle "FM"]
[BlackTitle "IM"]
[WhiteElo "2288"]
[BlackElo "2339"]
[WhiteTeam "HaPoel Kfar Saba Bet"]
[BlackTeam "Haifa Chess Club-Nesher"]
[WhiteFideId "2800683"]
[BlackFideId "13503391"]
[EventDate "2018.01.05"]

1. g3 d5 2. Nf3 g6 3. Bg2 Bg7 4. d4 Nh6 5. O-O O-O 6. c4 dxc4 7. Na3 Nf5 8. e3
Nd6 9. Ne5 Be6 10. Qe2 c6 11. Naxc4 Nxc4 12. Nxc4 Bd5 13. Bh3 b5 14. Nd2 f5 15.
Rd1 Qb6 16. a4 Na6 17. b3 e5 18. Ba3 Rfe8 19. dxe5 Bxe5 20. Rab1 Rad8 21. Bg2
Nc7 22. Nf3 Bg7 23. Bb2 Be4 24. Bxg7 Bxb1 25. Bf6 Rxd1+ 26. Qxd1 Nd5 27. Bd4 c5
28. Qxb1 cxd4 29. Nxd4 Nc3 30. Qd3 b4 31. Qc4+ Kg7 32. h4 Qd6 33. h5 Kh6 34.
hxg6 hxg6 35. Qf7 Qe7 36. Qc4 Ne4 37. Nc6 Qc7 38. Qb5 a6 39. Qd5 Nf6 40. Qd4 Ng4
41. Nxb4 Rd8 42. Nd5 Qc1+ 43. Bf1 Qc2 44. e4 fxe4 45. Bc4 Rf8 46. Nf4 e3 47. Be2
exf2+ 48. Kf1 Qc1+ 0-1

[Event "TCh-ISR 2018"]
[Site "Israel ISR"]
[Date "2018.02.09"]
[Round "5.4"]
[Board "5"]
[White "Ofir, Eran"]
[Black "Gershon, Alik"]
[Result "1/2-1/2"]
[BlackTitle "GM"]
[WhiteElo "2104"]
[BlackElo "2444"]
[WhiteTeam "Haifa Chess Club-Nesher"]
[BlackTeam "HaPoel Kfar Saba Bet"]
[WhiteFideId "2814170"]
[BlackFideId "2802430"]
[EventDate "2018.01.05"]

1. Nf3 c5 2. g3 b6 3. Bg2 Bb7 4. O-O Nf6 5. d3 g6 6. Nbd2 Bg7 7. c3 d5 8. Qc2
Nc6 9. Re1 e5 10. e4 O-O 11. exd5 Qxd5 12. Ne4 Nxe4 13. dxe4 Qe6 14. Bf1 Ne7 15.
b3 h6 16. a4 Kh8 17. Nh4 g5 18. Ng2 f5 19. f3 Qf6 20. Bb2 g4 21. f4 Bxe4 22.
fxe5 Qxe5 23. Bd3 Bxd3 24. Qxd3 Qd5 25. Qc2 Ng6 26. Rad1 Qf7 27. c4 Rae8 28.
Bxg7+ Kxg7 29. Qc3+ Kh7 30. Nf4 Re4 31. Nxg6 Kxg6 32. Rxe4 fxe4 33. Qe3 Qe6 34.
Rd5 Rf3 35. Qd2 e3 36. Qd3+ Kg7 37. Rd6 Qf7 38. Rd7 Rf1+ 39. Kg2 Rf2+ 40. Kg1
Rf1+ 41. Kg2 Rf2+ 42. Kg1 Rf1+ 1/2-1/2

[Event "TCh-ISR 2018"]
[Site "Israel ISR"]
[Date "2018.02.09"]
[Round "5.4"]
[Board "6"]
[White "Judkovsky, Yair"]
[Black "Frenkel, Ran"]
[Result "0-1"]
[WhiteElo "2342"]
[BlackElo "2189"]
[WhiteTeam "HaPoel Kfar Saba Bet"]
[BlackTeam "Haifa Chess Club-Nesher"]
[WhiteFideId "2804930"]
[BlackFideId "2815974"]
[EventDate "2018.01.05"]

1. e4 e5 2. Nf3 Nc6 3. Bb5 a6 4. Ba4 Nf6 5. O-O b5 6. Bb3 Bc5 7. Re1 d6 8. c3 h6
9. d4 Bb6 10. h3 O-O 11. Be3 Bb7 12. Nbd2 Re8 13. d5 Ne7 14. Bxb6 cxb6 15. a4
bxa4 16. Bxa4 b5 17. Bc2 Ng6 18. Bd3 Qb6 19. b4 Bc8 20. c4 Nf4 21. Bf1 bxc4 22.
Nxc4 Qxb4 23. Rb1 Qc5 24. Rb6 Bd7 25. Rxd6 Bb5 26. Nfd2 Rec8 27. g3 Ng6 28. h4
Rab8 29. Rxf6 gxf6 30. h5 Nf8 31. Qg4+ Kh8 32. Ne3 Bd7 33. Nf5 Bxf5 34. Qxf5 Nh7
35. Bxa6 Rg8 36. Nf1 Qa5 37. Rc1 Qxa6 38. Kg2 Rbc8 39. Rd1 Qe2 40. Ne3 Rc3 41.
Qf3 Rxe3 0-1

[Event "TCh-ISR 2018"]
[Site "Israel ISR"]
[Date "2018.02.09"]
[Round "5.5"]
[Board "1"]
[White "Zubov, Alexander"]
[Black "Boruchovsky, Avital"]
[Result "1/2-1/2"]
[WhiteTitle "GM"]
[BlackTitle "GM"]
[WhiteElo "2624"]
[BlackElo "2542"]
[WhiteTeam "Elizur Dov Petah Tikva"]
[BlackTeam "HaPoel Kfar Saba"]
[WhiteFideId "14109409"]
[BlackFideId "2800055"]
[EventDate "2018.01.05"]

1. d4 Nf6 2. c4 e6 3. Nf3 d5 4. Nc3 c6 5. Bg5 h6 6. Bxf6 Qxf6 7. e3 Nd7 8. Bd3
Bd6 9. e4 dxe4 10. Nxe4 Bb4+ 11. Kf1 Qd8 12. c5 O-O 13. g3 e5 14. a3 Ba5 15. Kg2
exd4 16. Bc4 Bc7 17. Qxd4 Ne5 18. Qxd8 Rxd8 19. Nxe5 Bxe5 20. Rad1 Bf5 21. Nd6
Bxd6 22. cxd6 Rd7 23. Rd2 Kf8 24. f3 Re8 25. g4 Be6 26. Bxe6 Rxe6 27. Rhd1 f5
28. h4 Kf7 29. g5 Kg6 30. gxh6 Kxh6 31. Kg3 g5 32. hxg5+ Kxg5 33. f4+ Kg6 34.
Kf3 Kg7 35. Rg2+ Rg6 36. Rg5 Kf6 37. Rh5 Rdg7 38. Rg5 Rd7 39. Rh5 Rdg7 1/2-1/2